000 00365nam a2200133Ia 4500
008 240624s9999 xx 000 0 und d
041 _aeng
082 _a332.2054 LEL
100 _aLELEUX BENOIT
245 _aFROM MICROFINANCE TO SMALL BUSINESS FINA
260 _c2007
_aNew York
_bPalgrave Macmillan
300 _axxxvii, : 214 : p. : cm. ; 22
365 _cGBP
_b50
999 _c27232
_d27232